| 000 | 00706nam a22002177a 4500 | ||
|---|---|---|---|
| 999 |
_c17067 _d17067 |
||
| 003 | AR-CdUCM | ||
| 008 | 190507b ||||| |||| 00| 0 spa d | ||
| 040 |
_aMUNICIPALIDAD PROVINCIAL DEL CUSCO _cBIBLIOTECA MUNICIPAL DEL CUSCO |
||
| 082 |
_a195 / _bB85 |
||
| 100 |
_aBruno, Giordano _936892 |
||
| 245 | _aDe lo infinito, universo y mundos / | ||
| 260 |
_aSantiago de Chile : _bErcilla, _c1941. |
||
| 300 |
_a181 páginas ; _c18 cm. |
||
| 650 |
_aFilosofía italiana _936237 |
||
| 650 |
_aFilosofía de la naturaleza _936893 |
||
| 650 |
_aFilosofía antigua _95338 |
||
| 650 |
_aCosmología _913090 |
||
| 700 |
_aGalletti, Alfredo (traductor) _936894 |
||
| 942 |
_2ddc _cLIBROS |
||
| 945 |
_aacv _d2019-05-07 |
||